Normal view
MARC view
- Whitney, Catherine
Entry Personal Name
001 - CONTROL NUMBER
- control field: 37333
003 - CONTROL NUMBER IDENTIFIER
- control field: NUST
005 - DATE AND TIME OF LATEST TRANSACTION
- control field: 20210314130244.0
008 - FIXED-LENGTH DATA ELEMENTS
- fixed length control field: 210314|| aca||aabn | a|a d
040 ## - CATALOGING SOURCE
- Original cataloging agency: NUST
- Transcribing agency: NUST
100 ## - HEADING--PERSONAL NAME
- Personal name: Whitney, Catherine
670 ## - SOURCE DATA FOUND
- Source citation: Work cat.: (NUST): D'Adamo, Peter. 37330, Eat right 4 (for) your type :, c1996.
